|
|
|
|
| LEADER |
00000caa a22000002c 4500 |
| 001 |
874232937 |
| 003 |
DE-627 |
| 005 |
20230120082339.0 |
| 007 |
tu |
| 008 |
051201s2003 xx ||||| 00| ||ger c |
| 035 |
|
|
|a (DE-627)874232937
|
| 035 |
|
|
|a (DE-576)121732983
|
| 035 |
|
|
|a (DE-599)GBV874232937
|
| 040 |
|
|
|a DE-627
|b ger
|c DE-627
|e rda
|
| 041 |
|
|
|a ger
|
| 100 |
1 |
|
|a Walter, Bernd
|e VerfasserIn
|0 (DE-588)133156060
|0 (DE-627)537987061
|0 (DE-576)299659690
|4 aut
|
| 109 |
|
|
|a Walter, Bernd
|
| 245 |
1 |
0 |
|a Verdachts- und ereignisunabhängige Kontrollen der Polizeien des Bundes und der Länder in der Praxisbewährung
|b eine erste Bestandsaufnahme aus rechtlicher, polizeipraktischer und sicherheitspolitischer Sicht
|c Bernd Walter
|
| 264 |
|
1 |
|c 2003
|
| 300 |
|
|
|a S. 319 - 344
|
| 336 |
|
|
|a Text
|b txt
|2 rdacontent
|
| 337 |
|
|
|a ohne Hilfsmittel zu benutzen
|b n
|2 rdamedia
|
| 338 |
|
|
|a Band
|b nc
|2 rdacarrier
|
| 773 |
0 |
8 |
|i Enthalten in
|t Jahrbuch öffentliche Sicherheit
|d [Baden-Baden] : Nomos, 2003
|g 2002/2003(2003), Seite 319 - 344
|w (DE-627)376506792
|w (DE-600)2130844-5
|w (DE-576)119363984
|7 nnas
|
| 773 |
1 |
8 |
|g volume:2002/2003
|g year:2003
|g pages:319 - 344
|
| 935 |
|
|
|a mkri
|
| 951 |
|
|
|a AR
|
| ELC |
|
|
|b 1
|
| LOK |
|
|
|0 000 xxxxxcx a22 zn 4500
|
| LOK |
|
|
|0 001 3415038122
|
| LOK |
|
|
|0 003 DE-627
|
| LOK |
|
|
|0 004 874232937
|
| LOK |
|
|
|0 005 20260317123638
|
| LOK |
|
|
|0 008 160208||||||||||||||||ger|||||||
|
| LOK |
|
|
|0 040
|a DE-21-110
|c DE-627
|d DE-21-110
|
| LOK |
|
|
|0 689
|a s
|a Polizeikontrolle
|
| LOK |
|
|
|0 689
|a s
|a Praxis
|
| LOK |
|
|
|0 689
|a s
|a Evaluation
|
| LOK |
|
|
|0 852
|a DE-21-110
|
| LOK |
|
|
|0 852 1
|m p
|9 00
|
| LOK |
|
|
|0 935
|a k110
|
| LOK |
|
|
|0 938
|k p
|
| LOK |
|
|
|0 939
|a 2016-02-08
|b l01
|
| ORI |
|
|
|a WA-MARC-krimdoka001.raw
|